| 000 | 00000nas##2200000za#4500 |
| 001 | 9.507352 |
| 003 | CaOODSP |
| 005 | 20200325093851 |
| 007 | cr ||||||||||| |
| 008 | 150406c2007||||xxc|| p o||||f| |0eng|d |
| 040 | |aCaOODSP|beng |
| 043 | |an-cn--- |
| 086 | 1 |aF1-34E-PDF |
| 110 | 1 |aCanada. |bDepartment of Finance. |
| 245 | 10|aLegislative proposals, draft regulations and explanatory notes relating to the Excise Tax Act |h[electronic resource] |
| 260 | |aOttawa - Ontario : |bFinance Canada |
| 310 | |aIrregular |
| 690 | 07|aExcise taxes|2gcpds |
| 775 | 08|tPropositions législatives, avant-projet de règlement et notes explicatives concernant la Loi sur la taxe d'accise |w(CaOODSP)9.503743 |